000 01566pab a2200181 454500
008 180718b2015 xxu||||| |||| 00| 0 eng d
100 _aJoshi, Shruti
245 _aE-governance in Uttar Pradesh: Challenges and prospects
260 _c2015
300 _ap.229-240/
362 _aApr-Jun
520 _aThe wave of IT has swept the entire world with knowledge-based initiatives. E-governance has proved to be a decisive attempt at creating a citizen-friendly, transparent, and accountable administration. It has become a cogent conduit between people and administration. State governments are increasingly using information technology to improve efficiency and provide online services to citizens. Uttar Pradesh too has embraced this concept and has progressively undertaken several projects and initiatives to establish its own mark in this endeavour. They have faced significant challenges due to the economic, social and demographic dimensions of the vast state. A comparative analysis of major projects in Uttar Pradesh with similar projects in other states could help us in evaluating e-governance initiatives in Uttar Pradesh and in giving suitable recommendation in making them more effective. A triad of strong political will, dogged administrative determination, and active citizen participation can definitely facilitate in realising the Midas touch of e-governance. - Reproduced.
650 _aGood governance
650 _aPublic administration
650 _aE governance
773 _aIndian Journal of Public Administration
909 _a109305
999 _c109300
_d109300